|
|
|
|
| LEADER |
00000nas a2200000 a 4500 |
| 001 |
ssj0001454262 |
| 003 |
WaSeSS |
| 005 |
20200512172242.0 |
| 006 |
m d |
| 007 |
cr n |
| 008 |
010619d19922017nyuqr p s 0 a0eng c |
| 010 |
|
|
|a 2001213290
|
| 015 |
|
|
|a 023933895
|2 dnb
|
| 016 |
7 |
|
|a 2089657-8
|2 DE-600
|
| 016 |
7 |
|
|a 009858366
|2 Uk
|
| 016 |
7 |
|
|a 023933895
|2 DE-101
|
| 022 |
|
|
|l 1535-6698
|y 1535-6698
|
| 035 |
|
|
|a (WaSeSS)ssj0001454262
|
| 037 |
|
|
|b Nova Science Publishers, Inc., 227 Main St., Ste. 100, Huntington, NY 11743
|c $300.00
|
| 040 |
|
|
|a NSD
|b eng
|c NSD
|d DLC
|d OCLCQ
|d GBVCP
|d UKMGB
|d OCLCQ
|d OCLCF
|d OCLCO
|d DLC
|d WaSeSS
|
| 042 |
|
|
|a nsdp
|a pcc
|
| 050 |
0 |
0 |
|a QA76.27
|b .I567
|
| 082 |
1 |
0 |
|a 004
|2 13
|
| 210 |
0 |
|
|a Int. j. comput. res.
|
| 222 |
|
0 |
|a International journal of computer research
|
| 245 |
0 |
0 |
|a International journal of computer research
|h [electronic resource].
|
| 260 |
|
|
|a Huntington, N.Y. :
|b Nova Science Publishers
|
| 310 |
|
|
|a Quarterly
|
| 362 |
1 |
|
|a Began in 1992; ceased in Dec. 2017.
|
| 506 |
|
|
|a License restrictions may limit access.
|
| 588 |
|
|
|a Description based on: Vol. 10, no. 1 (2001); title from cover.
|
| 650 |
|
0 |
|a Computer science
|x Research
|v Periodicals.
|
| 650 |
|
7 |
|a Computer science
|x Research.
|2 fast
|0 (OCoLC)fst00872467
|
| 655 |
|
0 |
|a Electronic journals.
|
| 850 |
|
|
|a DLC
|
| 856 |
4 |
0 |
|z Full text available from Research Library: 01/01/2011 to 10/31/2017
|u https://search.proquest.com/publication/2034869
|